[Event "BAN-chB 41st"]
[Site "Dhaka"]
[Date "2015.10.17"]
[Round "3"]
[White "Abu Foez, Nayem"]
[Black "Nasiruddin, Apu"]
[Result "1-0"]
[WhiteElo "1759"]
[BlackElo "1901"]
[PlyCount "65"]
[EventDate "2015.10.15"]
[EventType "swiss"]
[EventRounds "11"]
[EventCountry "BAN"]
[SourceTitle "CBM 169 Extra"]
[Source "ChessBase"]
[SourceDate "2015.12.18"]
[SourceVersion "1"]
[SourceVersionDate "2015.12.18"]
[SourceQuality "1"]

1. e4 c5 2. f4 Nc6 3. Nf3 Nf6 4. Nc3 d6 5. d4 cxd4 6. Nxd4 Bg4 7. Nxc6 bxc6 8. Be2 Bxe2 9. Qxe2 Qb6 10. e5 dxe5 11. fxe5 Nd7 12. e6 Nf6 13. exf7+ Kxf7 14. Ne4 Qb4+ 15. Nc3 e6 16. 0-0 Bc5+ 17. Kh1 Rhf8 18. Ne4 Be7 19. Ng5+ Ke8 20. Nxe6 Kd7 21. Rd1+ Bd6 22. Nxf8+ Rxf8 23. c3 Qh4 24. g3 Qg4 25. Rxd6+ Kxd6 26. Bf4+ Kc5 27. Qe7+ Kc4 28. Qxf8 Nd5 29. Qf7 Kd3 30. Re1 h5 31. Kg2 g5 32. Qg6+ Kc4 33. Qxc6+ 1-0